00600nam a2200169 a 450000100060000000300090000600800410001504000280005608200150008410000280009924500400012726000520016730000110021950501600023065000200039065000200041014980CO-ViMGA141112s2004 ck r 000 u spa d aCO-ViMGAbspacCO-ViMGA04a005.3 M4271 aMicrosoft corporation, 10aMicrosoft Excel, Manual del usuario aEstados Unidos, cMicrosoft corporation, c1992 a834.p. aIntroduccion a Microsoft excel Hojas de calculo Base de datos Gráficos Creación de informes e impresión Personalización y automatización Glosario14aHOJA DE CALCULO14aMOCROSOFT EXCEL